000 00439nam a2200181Ia 4500
001 11608
005 20260306162840.0
008 260306t2005||||xx |||||||||||||| ||spa||
041 _aESP
082 _a985.4
_bR82
100 _aRondón Banda, Julio
_eAUT
245 0 _aPaucarpata incaria y la arequipa colonial
260 _c2005
300 _a214 páginas :
_c21 cm.
650 _aGEN
654 _aCHU
942 _cLIB
_dJUS
_fJUS
_2ddc
_n
999 _c11608
_d11608